00825nam a2200265 a 4500001001300000003000900013005001700022008004100039020002400080082002000104100002600124245004900150260004500199300000900244500003500253505001000288650002100298650003100319650003500350700002600385902000800411942000700419952011800426999001500544nice12345678IN_TiNIC20260116012225.0050524s1975 dela grp 000 0 eng  a0706962 c38.500a305.654016bSHA aSharma, Jagdish Saran aIndia`s Minoritiesb a Bibliographical Study aDelhi bVikas Pub House Pvt. Ltd. c1975 a192p aincludes index and biblioraphy2 aIndex aIndia-Minorities aReligious Minorities-India aBibliography-Indian Minorities1 aSharma, Jagdish Saran bSRS cBK 001040708StackRoom-aHMIbHMId2007-03-28g38.50l0o305.654016 SHAp09060r2007-03-28v38.50w2005-05-24yBK c6154d6154